[Event "EU-ch 25th"]
[Site "Eforie Nord"]
[Date "2025.03.23"]
[Round "8"]
[White "Velten, Paul"]
[Black "Sargissian, Gabriel"]
[Result "0-1"]
[WhiteElo "2515"]
[BlackElo "2628"]
[PlyCount "144"]
[EventDate "2025.03.15"]
[EventType "swiss"]
[EventRounds "11"]
[EventCountry "ROU"]
[SourceTitle "CB13_2025"]
[SourceDate "2025.03.26"]
[SourceVersion "1"]
[SourceVersionDate "2025.03.26"]
[SourceQuality "1"]

1. d4 d5 2. c4 e6 3. Nf3 Nf6 4. Nc3 Be7 5. Bf4 0-0 6. e3 c5 7. dxc5 Bxc5 8. a3 Nc6 9. Qc2 Qa5 10. Be2 d4 11. 0-0 dxc3 12. b4 Qb6 13. bxc5 Qxc5 14. Rfb1 b6 15. Ne5 Bb7 16. Rb5 Qe7 17. Qxc3 Ne4 18. Qc2 Nxe5 19. Bxe5 Bc6 20. Rb4 Nc5 21. Bf1 Rfd8 22. Bc3 Be4 23. Qa2 Bd3 24. Bd4 Bxf1 25. Rxf1 Rac8 26. Bxc5 Qxc5 27. Qb3 g6 28. g3 Rd6 29. h4 Qf5 30. Qa4 Rc7 31. Rd1 Qc5 32. Rxd6 Qxd6 33. Qb3 Qd2 34. Kg2 Qd7 35. Kf1 Rc6 36. Qc2 Rd6 37. Ke2 Qc6 38. Rb3 Qc7 39. Rc3 Rc6 40. Kd2 Rc5 41. Qd3 Rf5 42. f4 Rc5 43. e4 e5 44. f5 Rc6 45. Qc2 h5 46. fxg6 fxg6 47. Kc1 Qe7 48. Kb2 Qc5 49. Qd2 Qd4 50. Qe2 b5 51. Kb3 a5 52. c5 a4+ 53. Kc2 Rxc5 54. Rxc5 Qxc5+ 55. Kb2 Kf7 56. g4 hxg4 57. Qxg4 Qd4+ 58. Kc2 Qc4+ 59. Kd2 Qa2+ 60. Kd1 Qe6 61. Qf3+ Kg7 62. Kc2 Qa2+ 63. Kc1 Qh2 64. Qd3 Qxh4 65. Qxb5 Qxe4 66. Qd7+ Kh6 67. Qe7 Kh5 68. Kd2 g5 69. Qe8+ Kh4 70. Qe7 Kh3 71. Kc1 g4 72. Qe6 Qe3+ 0-1

[Event "EU-ch 25th"]
[Site "Eforie Nord"]
[Date "2025.03.17"]
[Round "3"]
[White "Boyer, Mahel"]
[Black "Sargissian, Gabriel"]
[Result "1/2-1/2"]
[WhiteElo "2529"]
[BlackElo "2628"]
[PlyCount "85"]
[EventDate "2025.03.15"]
[EventType "swiss"]
[EventRounds "11"]
[EventCountry "ROU"]
[SourceTitle "CB13_2025"]
[SourceDate "2025.03.26"]
[SourceVersion "1"]
[SourceVersionDate "2025.03.26"]
[SourceQuality "1"]

1. Nf3 d5 2. g3 g6 3. Bg2 Bg7 4. d4 Nf6 5. 0-0 0-0 6. c3 c6 7. a4 a5 8. Bf4 Bf5 9. Nbd2 Nbd7 10. h3 Ne4 11. Nh4 Be6 12. Nxe4 dxe4 13. Bxe4 Bxh3 14. Bg2 Bxg2 15. Kxg2 Nf6 16. Qb3 Qd5+ 17. Qxd5 Nxd5 18. e4 Nxf4+ 19. gxf4 b5 20. Nf3 Rfc8 21. Rh1 e6 22. e5 Bf8 23. Ng5 h5 24. Ne4 Be7 25. Ra2 b4 26. c4 Rd8 27. Rd1 b3 28. Raa1 Rab8 29. c5 Rb4 30. Nd6 Rdb8 31. Kf3 Kf8 32. Ke3 Bxd6 33. cxd6 Rc4 34. Ra3 Rc2 35. Rd2 Rb4 36. Rxc2 bxc2 37. Kd2 Rxd4+ 38. Kxc2 Rxf4 39. Rb3 Rxf2+ 40. Kc1 Ke8 41. Rb8+ Kd7 42. Rb7+ Kd8 43. Rb8+ 1/2-1/2

[Event "EU-ch Blitz"]
[Site "Skopje"]
[Date "2024.12.09"]
[Round "8"]
[White "Paichadze, Luka"]
[Black "Sargissian, Gabriel"]
[Result "1/2-1/2"]
[WhiteElo "2532"]
[BlackElo "2628"]
[PlyCount "60"]
[EventDate "2024.12.09"]
[EventType "swiss (blitz)"]
[EventRounds "13"]
[EventCountry "MKD"]
[SourceTitle "CB50_2024"]
[SourceDate "2024.11.01"]
[SourceVersion "1"]
[SourceVersionDate "2024.11.01"]
[SourceQuality "2"]

1. e4 e5 2. Nf3 Nc6 3. d4 exd4 4. Nxd4 Nf6 5. Nxc6 bxc6 6. Bd3 d5 7. exd5 cxd5 8. 0-0 Be7 9. h3 0-0 10. Nd2 c5 11. b3 Bb7 12. Re1 d4 13. Nc4 Re8 14. Bd2 Qd5 15. f3 Bd6 16. Nxd6 Qxd6 17. Rxe8+ Rxe8 18. Qf1 Nd5 19. Re1 Re7 20. Rxe7 Qxe7 21. Qe1 Qxe1+ 22. Bxe1 Nf4 23. Kf2 Nxd3+ 24. cxd3 Kf8 25. b4 Ba6 26. Ke2 c4 27. Bf2 cxd3+ 28. Kd2 Bb5 29. Bxd4 a6 30. a4 Bxa4 1/2-1/2

[Event "EU-ch Blitz"]
[Site "Skopje"]
[Date "2024.12.09"]
[Round "3"]
[White "Sargissian, Gabriel"]
[Black "Bogoevski, Jani"]
[Result "1-0"]
[WhiteElo "2628"]
[BlackElo "2144"]
[PlyCount "178"]
[EventDate "2024.12.09"]
[EventType "swiss (blitz)"]
[EventRounds "13"]
[EventCountry "MKD"]
[SourceTitle "CB50_2024"]
[SourceDate "2024.11.01"]
[SourceVersion "1"]
[SourceVersionDate "2024.11.01"]
[SourceQuality "2"]

1. Nf3 Nf6 2. g3 d5 3. Bg2 e6 4. 0-0 Be7 5. c4 0-0 6. b3 Nbd7 7. Bb2 c6 8. d4 b5 9. c5 Ne4 10. Qc2 f5 11. Nbd2 a5 12. Ne1 Bg5 13. Ndf3 Bf6 14. Nd3 g6 15. Nfe5 Qc7 16. Nxd7 Bxd7 17. Ne5 Be8 18. Rad1 Ng5 19. h4 Nf7 20. Nf3 e5 21. dxe5 Nxe5 22. Nxe5 Bxe5 23. e3 Qg7 24. Bxe5 Qxe5 25. Rd4 Ra7 26. a3 Raf7 27. Qd2 Qc7 28. Rd3 Re7 29. Qc3 Bf7 30. h5 Ra8 31. Qf6 Re6 32. Qg5 Qe7 33. Qxe7 Rxe7 34. Rd4 Kg7 35. Bf3 g5 36. g4 Be6 37. gxf5 Bxf5 38. Kg2 h6 39. Kg3 Rae8 40. Rc1 Kf6 41. Bg2 Be4 42. Bh3 Bf5 43. Bg2 Be4 44. Bf1 Bf5 45. Be2 Re4 46. Rcd1 R4e5 47. Ra1 Re4 48. Rad1 R4e5 49. R1d2 R5e7 50. Bf3 Be4 51. Bg4 Bf5 52. Bd1 Re5 53. Bf3 R5e7 54. Ra2 Re5 55. b4 a4 56. Rad2 R5e7 57. Rd1 Re5 58. Rg1 R8e7 59. Rgd1 Re8 60. Rc1 R8e7 61. Rh1 Re8 62. Kg2 Be4 63. Kg3 R5e7 64. Rhd1 Bf5 65. Kg2 Re5 66. Kf1 Be4 67. Ke2 Bf5 68. Rg1 Be4 69. Rg3 Bf5 70. Kd2 R8e7 71. Bd1 Be4 72. f3 Bf5 73. f4 gxf4 74. Rxf4 Re4 75. Rg6+ Ke5 76. Rxe4+ Bxe4 77. Rxc6 Rg7 78. Rxh6 d4 79. exd4+ Kxd4 80. Rd6+ Kc4 81. Ke3 Bb1 82. h6 Rg3+ 83. Kf4 Rh3 84. c6 Rh4+ 85. Kg5 Re4 86. c7 Re5+ 87. Kf6 Rf5+ 88. Ke7 Re5+ 89. Re6 Kd5 1-0

[Event "EU-ch Blitz"]
[Site "Skopje"]
[Date "2024.12.09"]
[Round "9"]
[White "Sargissian, Gabriel"]
[Black "Zajic, Milan"]
[Result "0-1"]
[WhiteElo "2628"]
[BlackElo "2392"]
[PlyCount "86"]
[EventDate "2024.12.09"]
[EventType "swiss (blitz)"]
[EventRounds "13"]
[EventCountry "MKD"]
[SourceTitle "CB50_2024"]
[SourceDate "2024.11.01"]
[SourceVersion "1"]
[SourceVersionDate "2024.11.01"]
[SourceQuality "2"]

1. Nf3 d5 2. g3 Nf6 3. Bg2 c6 4. 0-0 Bg4 5. h3 Bh5 6. c4 e6 7. d4 Nbd7 8. cxd5 exd5 9. Qb3 Qb6 10. Qe3+ Be7 11. Nh4 Bg6 12. Nc3 Nf8 13. Nxg6 hxg6 14. Qd3 Ne6 15. Rd1 0-0 16. e3 Rfe8 17. Qc2 a5 18. Bd2 Qd8 19. Rac1 Bd6 20. Ne2 Ng5 21. Nf4 Nge4 22. Be1 g5 23. Nd3 g4 24. h4 Qd7 25. Bc3 Qf5 26. Nf4 g5 27. hxg5 Qxg5 28. Nd3 Kg7 29. Ne5 Rh8 30. Qe2 Nxc3 31. bxc3 Rh5 32. f4 gxf3 33. Qxf3 Bxe5 34. dxe5 Qxe5 35. Rd4 Rg5 36. Rf4 Re8 37. Rf1 Rg6 38. g4 Re7 39. Rf5 Qe6 40. g5 Ne4 41. Bh3 Nd2 42. Qf4 Nxf1 43. Kxf1 Qxe3 0-1

[Event "EU-ch Rapid"]
[Site "Skopje"]
[Date "2024.12.07"]
[Round "1"]
[White "Sargissian, Gabriel"]
[Black "Chaerle, Josse"]
[Result "1-0"]
[WhiteElo "2628"]
[BlackElo "2024"]
[PlyCount "61"]
[EventDate "2024.12.07"]
[EventType "swiss (rapid)"]
[EventRounds "11"]
[EventCountry "MKD"]
[SourceTitle "CB50_2024"]
[SourceDate "2024.11.01"]
[SourceVersion "1"]
[SourceVersionDate "2024.11.01"]
[SourceQuality "2"]

1. Nf3 Nf6 2. g3 c5 3. Bg2 Nc6 4. 0-0 d5 5. d4 e6 6. c4 Be7 7. cxd5 exd5 8. dxc5 Bxc5 9. a3 Ne4 10. b4 Be7 11. Bb2 0-0 12. Nfd2 Bf6 13. Ra2 Be6 14. Nb3 Rc8 15. Nd4 Nxd4 16. Bxd4 Rc4 17. Bxf6 Qxf6 18. Rc2 Rxc2 19. Qxc2 Rc8 20. Qd3 h5 21. Nd2 Rc3 22. Nxe4 dxe4 23. Qxe4 Rxa3 24. Qxb7 h4 25. Qa8+ Kh7 26. Qe4+ g6 27. gxh4 Kg7 28. e3 Rc3 29. h5 Rc4 30. Qf3 Rxb4 31. h6+ 1-0

[Event "EU-ch 24th"]
[Site "Petrovac"]
[Date "2024.11.16"]
[Round "8"]
[White "Malek, Jan"]
[Black "Sargissian, Gabriel"]
[Result "1/2-1/2"]
[WhiteElo "2499"]
[BlackElo "2640"]
[PlyCount "67"]
[EventDate "2024.11.08"]
[EventType "swiss"]
[EventRounds "11"]
[EventCountry "MNE"]
[SourceTitle "CB47_2024"]
[SourceDate "2024.11.20"]
[SourceVersion "1"]
[SourceVersionDate "2024.11.20"]
[SourceQuality "1"]

1. d4 d5 2. c4 e6 3. Nc3 Nf6 4. Nf3 Be7 5. cxd5 exd5 6. Bf4 c6 7. h3 Bf5 8. g4 Be4 9. e3 Nbd7 10. a3 Bg6 11. Nh4 Nf8 12. Nf5 Ne6 13. Be5 Bxf5 14. gxf5 Nc7 15. Qf3 0-0 16. Bd3 Nce8 17. 0-0 Bd6 18. Qg3 Qe7 19. Kh1 Nd7 20. Bf4 Bxf4 21. Qxf4 Qd6 22. Qh4 Qf6 23. Qh5 g6 24. Qg4 Qe7 25. Rg1 Ng7 26. Rg2 Nf6 27. Qh4 Rae8 28. Rag1 Nfh5 29. Qg4 Qf6 30. Ne2 Kh8 31. Ng3 Nxg3+ 32. Rxg3 Nxf5 33. Rf3 Rg8 34. Bxf5 1/2-1/2

[Event "EU-ch 24th"]
[Site "Petrovac"]
[Date "2024.11.12"]
[Round "5"]
[White "Sargissian, Gabriel"]
[Black "Alexakis, Dimitris"]
[Result "1-0"]
[WhiteElo "2640"]
[BlackElo "2520"]
[PlyCount "171"]
[EventDate "2024.11.08"]
[EventType "swiss"]
[EventRounds "11"]
[EventCountry "MNE"]
[SourceTitle "CB47_2024"]
[SourceDate "2024.11.20"]
[SourceVersion "1"]
[SourceVersionDate "2024.11.20"]
[SourceQuality "1"]

1. d4 Nf6 2. c4 e6 3. Nf3 c5 4. d5 b5 5. dxe6 fxe6 6. cxb5 a6 7. e4 Nxe4 8. Bd3 Bb7 9. 0-0 Be7 10. Re1 Nf6 11. Nc3 0-0 12. Ne5 axb5 13. Nxb5 Nc6 14. Bf4 Nb4 15. Bg3 Rxa2 16. Rxa2 Nxa2 17. Bc4 Bd5 18. Bxa2 Bxa2 19. Nc3 Bd5 20. Nxd5 Nxd5 21. Qa4 Nf6 22. Bh4 d6 23. Nf3 Nd5 24. Rxe6 Bxh4 25. Qxh4 Nf4 26. Qxd8 Rxd8 27. Re3 d5 28. g3 d4 29. Ra3 Ne6 30. Nd2 Rb8 31. Nc4 Rb4 32. b3 h5 33. Ne5 Rb5 34. h4 d3 35. Nxd3 Nd4 36. Ra7 Nxb3 37. Rc7 g6 38. Rc6 Kh7 39. Ne5 c4 40. Rc7+ Kg8 41. Nxc4 Rc5 42. Rxc5 Nxc5 43. Kg2 Kf7 44. Kf3 Kf6 45. Kf4 Ne6+ 46. Ke4 Nc5+ 47. Kd4 Ne6+ 48. Ke3 Nc5 49. Nd6 Ke5 50. Nf7+ Kf6 51. Ng5 Ke5 52. f3 Nd7 53. Nh3 Nb6 54. Nf4 Kf5 55. Kd4 Nd7 56. Nd5 Ke6 57. Nc7+ Kf5 58. Nd5 Ke6 59. Ne3 Nf6 60. Nc4 Nd7 61. Ke4 Nc5+ 62. Kf4 Kf6 63. Nd6 Ne6+ 64. Ke4 Nc7 65. Nc4 Ke6 66. Ne3 Nb5 67. Kf4 Nd4 68. Kg5 Kf7 69. f4 Ne6+ 70. Kh6 Nd4 71. f5 gxf5 72. Kxh5 Kf6 73. Nd5+ Ke5 74. Nf4 Kf6 75. Kh6 Nf3 76. h5 Nh2 77. Nd5+ Kf7 78. Kg5 Nf1 79. Kf4 Kg7 80. Ne3 Nd2 81. Nxf5+ Kf7 82. g4 Nc4 83. g5 Nb6 84. Nd6+ Ke6 85. g6 Nd5+ 86. Kg5 1-0

[Event "EU-ch 24th"]
[Site "Petrovac"]
[Date "2024.11.09"]
[Round "2"]
[White "Zanan, Evgeny"]
[Black "Sargissian, Gabriel"]
[Result "1/2-1/2"]
[WhiteElo "2463"]
[BlackElo "2640"]
[PlyCount "83"]
[EventDate "2024.11.08"]
[EventType "swiss"]
[EventRounds "11"]
[EventCountry "MNE"]
[SourceTitle "CB47_2024"]
[SourceDate "2024.11.20"]
[SourceVersion "1"]
[SourceVersionDate "2024.11.20"]
[SourceQuality "1"]

1. e4 e5 2. Nf3 Nc6 3. Nc3 Nf6 4. d4 exd4 5. Nxd4 Bb4 6. Nxc6 bxc6 7. Bd3 d5 8. exd5 0-0 9. 0-0 cxd5 10. h3 c6 11. Qf3 Bd6 12. Re1 Rb8 13. b3 Be6 14. Bf4 Qc7 15. Ne2 Rfe8 16. Bxd6 Qxd6 17. Nf4 Bd7 18. Nh5 Nxh5 19. Qxh5 h6 20. c4 a5 21. cxd5 cxd5 22. Rad1 Rxe1+ 23. Rxe1 Rc8 24. Qe5 Qxe5 25. Rxe5 Rc1+ 26. Kh2 Bc6 27. Re7 Rc3 28. Rc7 Rxd3 29. Rxc6 Rd2 30. Rc5 Rxa2 31. Rxd5 Rxf2 32. Rxa5 Rb2 33. Rb5 g5 34. h4 gxh4 35. Kh3 Kg7 36. Rb8 Kf6 37. Rb4 h5 38. Rf4+ Kg6 39. b4 Kg5 40. Rxf7 Rb1 41. Kh2 Rxb4 42. Rg7+ 1/2-1/2

[Event "EU-ch 24th"]
[Site "Petrovac"]
[Date "2024.11.08"]
[Round "1"]
[White "Sargissian, Gabriel"]
[Black "Nikcevic, Nebojsa"]
[Result "1-0"]
[WhiteElo "2640"]
[BlackElo "2354"]
[PlyCount "73"]
[EventDate "2024.11.08"]
[EventType "swiss"]
[EventRounds "11"]
[EventCountry "MNE"]
[SourceTitle "CB47_2024"]
[SourceDate "2024.11.20"]
[SourceVersion "1"]
[SourceVersionDate "2024.11.20"]
[SourceQuality "1"]

1. d4 d5 2. c4 c6 3. Nf3 Nf6 4. e3 e6 5. Bd3 Nbd7 6. 0-0 dxc4 7. Bxc4 Bd6 8. Nc3 b5 9. Bb3 b4 10. Na4 Bb7 11. e4 Nxe4 12. Re1 Nef6 13. Ne5 0-0 14. Bf4 Bxe5 15. Bxe5 Nxe5 16. dxe5 Nd5 17. Nc5 Qe7 18. Rc1 a5 19. Qg4 Ba6 20. Bc2 g6 21. Bb3 a4 22. Bxa4 Bd3 23. Bxc6 Bf5 24. Qc4 Ra5 25. Nb7 Ra7 26. Nd6 Rc7 27. Qd4 Qg5 28. h4 Qf4 29. Red1 Bg4 30. f3 Bf5 31. Kf2 Rb8 32. Qxf4 Nxf4 33. Bb5 Rxc1 34. Rxc1 Bd3 35. Ke3 Bxb5 36. Kxf4 Ba6 37. Ke4 1-0

[Event "Julius Baer GenCup D3 L"]
[Site "Chess.com INT"]
[Date "2024.09.27"]
[Round "1.1"]
[White "Hakobyan, Aram"]
[Black "Sargissian, Gabriel"]
[Result "1/2-1/2"]
[WhiteElo "2617"]
[BlackElo "2646"]
[PlyCount "79"]
[EventDate "2024.09.27"]
[EventType "k.o. (rapid)"]
[EventRounds "8"]
[EventCountry "GER"]
[SourceTitle "EXT 2025"]
[Source "ChessBase"]
[SourceDate "2024.10.14"]
[SourceVersion "1"]
[SourceVersionDate "2024.10.14"]
[SourceQuality "1"]

1. e4 e5 2. Nf3 Nc6 3. Nc3 Nf6 4. Nd5 Bc5 5. c3 Nxe4 6. d4 exd4 7. Bd3 f5 8. Bxe4 fxe4 9. Bg5 Be7 10. Nxe7 Nxe7 11. Qxd4 0-0 12. Qxe4 d5 13. Qe2 Qd7 14. Bxe7 Re8 15. 0-0 Qxe7 16. Qxe7 Rxe7 17. Rfe1 Rxe1+ 18. Rxe1 Kf8 19. Nd4 Bd7 20. Re5 c6 21. f4 a5 22. Kf2 a4 23. f5 Ra6 24. g4 Rb6 25. Re2 c5 26. Nf3 g6 27. fxg6 Bxg4 28. gxh7 Rh6 29. Kg3 Bxf3 30. Kxf3 Rxh7 31. Rd2 Ke7 32. Kg4 Rg7+ 33. Kf5 Rh7 34. Kg5 Rg7+ 35. Kf5 Rh7 36. Kg4 Rg7+ 37. Kf4 Rh7 38. Kg3 Rg7+ 39. Kf3 Rh7 40. Kg4 1/2-1/2

[Event "Julius Baer GenCup D3 W"]
[Site "Chess.com INT"]
[Date "2024.09.27"]
[Round "1.1"]
[White "Santos Latasa, Jaime"]
[Black "Sargissian, Gabriel"]
[Result "1-0"]
[WhiteElo "2624"]
[BlackElo "2646"]
[PlyCount "101"]
[EventDate "2024.09.27"]
[EventType "k.o. (rapid)"]
[EventRounds "6"]
[EventCountry "GER"]
[SourceTitle "EXT 2025"]
[Source "ChessBase"]
[SourceDate "2024.10.14"]
[SourceVersion "1"]
[SourceVersionDate "2024.10.14"]
[SourceQuality "1"]

1. e4 e5 2. Nf3 Nc6 3. Bc4 Nf6 4. d3 Be7 5. 0-0 0-0 6. Nc3 d6 7. a3 Bg4 8. h3 Bh5 9. Nd5 Nxd5 10. Bxd5 Qd7 11. Nxe5 dxe5 12. Qxh5 Bf6 13. Be3 Ne7 14. Bb3 a5 15. a4 g6 16. Qe2 Bg7 17. Rad1 Kh8 18. f4 exf4 19. Rxf4 f5 20. Rff1 Bxb2 21. Bf4 Nc6 22. exf5 Rxf5 23. Bg3 Re8 24. Qg4 Be5 25. Rxf5 Qxf5 26. Qxf5 gxf5 27. Re1 Re7 28. Bh4 Bd4+ 29. Kf1 Rxe1+ 30. Bxe1 b6 31. c3 Be5 32. d4 Bd6 33. Bc2 Ne7 34. Ke2 Kg7 35. Bb3 h5 36. Kd3 Ng6 37. Ke3 Nf4 38. Kf3 Ng6 39. Bd2 Nh4+ 40. Kf2 Ng6 41. Bd1 h4 42. Bf3 Bg3+ 43. Ke2 Nf4+ 44. Kd1 Kf6 45. Kc2 Ke6 46. Kb3 Kd6 47. Kc4 c6 48. Kb3 Nd3 49. c4 c5 50. Kc3 Ne1 51. dxc5+ 1-0

[Event "Julius Baer GenCup D3 W"]
[Site "Chess.com INT"]
[Date "2024.09.27"]
[Round "1.2"]
[White "Sargissian, Gabriel"]
[Black "Santos Latasa, Jaime"]
[Result "1/2-1/2"]
[WhiteElo "2646"]
[BlackElo "2624"]
[PlyCount "112"]
[EventDate "2024.09.27"]
[EventType "k.o. (rapid)"]
[EventRounds "6"]
[EventCountry "GER"]
[SourceTitle "EXT 2025"]
[Source "ChessBase"]
[SourceDate "2024.10.14"]
[SourceVersion "1"]
[SourceVersionDate "2024.10.14"]
[SourceQuality "1"]

1. d4 Nf6 2. c4 e6 3. Nf3 d5 4. g3 dxc4 5. Bg2 c5 6. 0-0 Nc6 7. Qa4 Bd7 8. Qxc4 b5 9. Qc3 b4 10. Qd3 Rc8 11. Bf4 cxd4 12. Nbd2 Nd5 13. Be5 Nxe5 14. Nxe5 Be7 15. Rfc1 0-0 16. Qxd4 Bb5 17. e3 Qb6 18. Nb3 Bf6 19. Bxd5 exd5 20. Rxc8 Rxc8 21. Qxd5 Be8 22. Nd7 Bxd7 23. Qxd7 Rd8 24. Qg4 Bxb2 25. Rd1 Rxd1+ 26. Qxd1 g6 27. Qd5 Bc3 28. Na5 Kg7 29. Nc4 Qe6 30. Qxe6 fxe6 31. Kf1 Kf6 32. Ke2 h5 33. Kd3 a6 34. f3 g5 35. g4 hxg4 36. fxg4 Ke7 37. Na5 Kd6 38. Nb3 Kd5 39. h3 Be1 40. Ke2 Bg3 41. Kd3 Bc7 42. Nd2 a5 43. Nf3 Bd8 44. e4+ Kc5 45. Nd4 Bf6 46. e5 Bxe5 47. Nxe6+ Kd5 48. Nxg5 a4 49. Kc2 Bf6 50. Nf3 Ke4 51. Ne1 b3+ 52. axb3 axb3+ 53. Kxb3 Kf4 54. Kc4 Kg3 55. Kd5 Kxh3 56. Ke6 Kxg4 1/2-1/2

[Event "Julius Baer GenCup P/I m D3"]
[Site "Chess.com INT"]
[Date "2024.09.26"]
[Round "1.3"]
[White "Safarli, Eltaj"]
[Black "Sargissian, Gabriel"]
[Result "1/2-1/2"]
[WhiteElo "2596"]
[BlackElo "2646"]
[PlyCount "140"]
[EventDate "2024.09.26"]
[EventType "k.o. (rapid)"]
[EventRounds "1"]
[EventCountry "GER"]
[SourceTitle "EXT 2025"]
[Source "ChessBase"]
[SourceDate "2024.10.14"]
[SourceVersion "1"]
[SourceVersionDate "2024.10.14"]
[SourceQuality "1"]

1. e4 e5 2. Nf3 Nc6 3. Bb5 a6 4. Ba4 Nf6 5. Nc3 Be7 6. Bxc6 dxc6 7. h3 0-0 8. 0-0 Nd7 9. d3 a5 10. Ne2 a4 11. Ng3 f6 12. c3 c5 13. Be3 Re8 14. Qc2 Bd6 15. Ne2 Qe7 16. Nd2 b5 17. d4 Bb7 18. d5 c6 19. c4 cxd5 20. exd5 bxc4 21. Nxc4 Ra6 22. Nc3 Qf7 23. Rad1 Bf8 24. Nb5 Rc8 25. d6 Qg6 26. Qxg6 hxg6 27. f4 exf4 28. Bxf4 Bc6 29. Nc7 Ra7 30. Rfe1 g5 31. Bg3 Kf7 32. Rd2 Rb8 33. Rde2 Rb4 34. Re7+ Bxe7 35. dxe7 Ne5 36. e8Q+ Bxe8 37. Nd6+ Kg6 38. Ncxe8 Rxb2 39. Bxe5 fxe5 40. Rxe5 Rxa2 41. Re6+ Kh7 42. Ne4 Rb2 43. N8d6 Rb8 44. Nb5 Raa8 45. Nxg5+ Kg8 46. Na3 Rb3 47. Nc4 a3 48. Nxa3 Rbxa3 49. Rc6 Ra1+ 50. Kh2 Rc1 51. Rc7 c4 52. Ne6 c3 53. Rxg7+ Kh8 54. Rc7 c2 55. Nd4 Ra2 56. h4 Ra4 57. Rxc2 Rxc2 58. Nxc2 Rxh4+ 59. Kg1 Rc4 60. Ne3 Ra4 61. Kf2 Kg7 62. Kf3 Kf6 63. Ng4+ Kg5 64. Ne3 Ra3 65. g3 Ra5 66. Kf2 Ra2+ 67. Kf3 Ra3 68. Kf2 Ra2+ 69. Kf3 Ra3 70. Kf2 Ra2+ 1/2-1/2

[Event "Julius Baer GenCup P/I m D3"]
[Site "Chess.com INT"]
[Date "2024.09.26"]
[Round "1.5"]
[White "Safarli, Eltaj"]
[Black "Sargissian, Gabriel"]
[Result "1/2-1/2"]
[WhiteElo "2596"]
[BlackElo "2646"]
[PlyCount "151"]
[EventDate "2024.09.26"]
[EventType "k.o. (rapid)"]
[EventRounds "1"]
[EventCountry "GER"]
[SourceTitle "EXT 2025"]
[Source "ChessBase"]
[SourceDate "2024.10.14"]
[SourceVersion "1"]
[SourceVersionDate "2024.10.14"]
[SourceQuality "1"]

1. e4 e5 2. Nf3 Nc6 3. Bb5 a6 4. Ba4 Nf6 5. Nc3 Be7 6. Bxc6 dxc6 7. h3 0-0 8. 0-0 Nd7 9. d3 a5 10. a4 Re8 11. Ne2 f6 12. Ng3 Nf8 13. Be3 Ne6 14. c3 c5 15. Qc2 Bf8 16. Rad1 Qe7 17. Rfe1 Qf7 18. Nh4 b6 19. Nhf5 Bd7 20. h4 Rad8 21. h5 Nf4 22. d4 Nxh5 23. Nxh5 Qxh5 24. dxc5 Bxf5 25. exf5 Bxc5 26. Bxc5 bxc5 27. Qb3+ Kh8 28. Rxd8 Rxd8 29. Qb5 h6 30. Qxa5 c4 31. Qa6 Qxf5 32. Qxc4 Rd2 33. Rf1 Rxb2 34. a5 Qc2 35. Qxc7 Ra2 36. a6 Kh7 37. Qc4 e4 38. Qe6 e3 39. Qxe3 Rxa6 40. Rc1 Qf5 41. c4 Re6 42. Qd2 Rc6 43. Qd4 Rc5 44. g3 Qe5 45. Qd3+ Qf5 46. Qd4 Qe5 47. Qd3+ Qf5 48. Qe2 Qe5 49. Qc2+ Qf5 50. Qb3 Qe4 51. Qb4 Qd4 52. Qb1+ f5 53. Qc2 h5 54. Qe2 Kg6 55. Rd1 Qe5 56. Qa2 Kh7 57. Qb3 Qe4 58. Rc1 f4 59. Qc2 Qxc2 60. Rxc2 Kg6 61. Kg2 Kf5 62. Kf3 fxg3 63. fxg3 g5 64. Rc3 h4 65. g4+ Ke5 66. Ke3 h3 67. Kf3 h2 68. Kg2 Kf4 69. Kxh2 Kxg4 70. Kg2 Kf4 71. Kf2 Ke4 72. Kg3 Kd4 73. Rc1 Rxc4 74. Rxc4+ Kxc4 75. Kg4 Kd4 76. Kxg5 1/2-1/2

[Event "Julius Baer GenCup P/I m D3"]
[Site "Chess.com INT"]
[Date "2024.09.26"]
[Round "1.2"]
[White "Sargissian, Gabriel"]
[Black "Safarli, Eltaj"]
[Result "1/2-1/2"]
[WhiteElo "2646"]
[BlackElo "2596"]
[PlyCount "72"]
[EventDate "2024.09.26"]
[EventType "k.o. (rapid)"]
[EventRounds "1"]
[EventCountry "GER"]
[SourceTitle "EXT 2025"]
[Source "ChessBase"]
[SourceDate "2024.10.14"]
[SourceVersion "1"]
[SourceVersionDate "2024.10.14"]
[SourceQuality "1"]

1. d4 Nf6 2. c4 g6 3. Nf3 Bg7 4. Nc3 d5 5. Bg5 Ne4 6. Bf4 Nxc3 7. bxc3 c5 8. cxd5 Qxd5 9. e3 0-0 10. Be2 cxd4 11. cxd4 Nc6 12. 0-0 Bf5 13. Qa4 Qa5 14. Qxa5 Nxa5 15. Nd2 Rac8 16. g4 Bd7 17. Rfc1 Rxc1+ 18. Rxc1 Rc8 19. Rxc8+ Bxc8 20. Bf3 Be6 21. a3 b5 22. Bb8 a6 23. Bc7 Nc4 24. Nxc4 bxc4 25. Kf1 Bd7 26. Ke2 Bf8 27. Ba5 e5 28. Bb4 exd4 29. exd4 Bh6 30. h3 Bb5 31. Bc3 Bf8 32. Bb4 Bh6 33. Bc3 Bc1 34. Bb4 Bb2 35. Ke3 Bc1+ 36. Ke2 Bh6 1/2-1/2

[Event "Julius Baer GenCup Pl/In"]
[Site "Chess.com INT"]
[Date "2024.09.25"]
[Round "2"]
[White "Hakobyan, Aram"]
[Black "Sargissian, Gabriel"]
[Result "1-0"]
[WhiteElo "2617"]
[BlackElo "2646"]
[PlyCount "71"]
[EventDate "2024.09.25"]
[EventType "swiss (rapid)"]
[EventRounds "9"]
[EventCountry "GER"]
[SourceTitle "EXT 2025"]
[Source "ChessBase"]
[SourceDate "2024.10.14"]
[SourceVersion "1"]
[SourceVersionDate "2024.10.14"]
[SourceQuality "1"]

1. d4 d5 2. Nf3 Nf6 3. c4 e6 4. e3 Be7 5. Nc3 0-0 6. cxd5 exd5 7. Bd3 c6 8. 0-0 Nbd7 9. Qc2 Re8 10. Ne5 Nf8 11. f4 a6 12. Kh1 c5 13. dxc5 Bxc5 14. Nxd5 Bd6 15. Nxf6+ Qxf6 16. Nc4 b5 17. Nxd6 Qxd6 18. Be4 Ra7 19. Bf3 Rc7 20. Qd1 Qxd1 21. Rxd1 Rc2 22. Kg1 Bf5 23. b3 h6 24. Ba3 Nh7 25. e4 Bc8 26. Bb4 g5 27. f5 Nf6 28. Re1 Bb7 29. Bd1 Rcc8 30. e5 Nd5 31. Bd2 Nc3 32. Bh5 Red8 33. Bxc3 Rxc3 34. e6 fxe6 35. fxe6 Rd2 36. e7 1-0

[Event "Julius Baer GenCup Pl/In"]
[Site "Chess.com INT"]
[Date "2024.09.25"]
[Round "1"]
[White "Sargissian, Gabriel"]
[Black "Daneshvar, Bardiya"]
[Result "1/2-1/2"]
[WhiteElo "2646"]
[BlackElo "2598"]
[PlyCount "159"]
[EventDate "2024.09.25"]
[EventType "swiss (rapid)"]
[EventRounds "9"]
[EventCountry "GER"]
[SourceTitle "EXT 2025"]
[Source "ChessBase"]
[SourceDate "2024.10.14"]
[SourceVersion "1"]
[SourceVersionDate "2024.10.14"]
[SourceQuality "1"]

1. d4 Nf6 2. c4 g6 3. Nc3 Bg7 4. e4 d6 5. Be2 0-0 6. Nf3 e5 7. 0-0 h6 8. Re1 Nbd7 9. Rb1 Re8 10. d5 a5 11. b3 Nc5 12. Nd2 h5 13. a3 Bh6 14. Qc2 Bd7 15. b4 axb4 16. axb4 Na4 17. Nxa4 Bxa4 18. Qd3 Bd7 19. Nf3 Bxc1 20. Rbxc1 Ra2 21. h3 Qa8 22. Qe3 Qa3 23. Qxa3 Rxa3 24. Bf1 Bxh3 25. c5 Bg4 26. Nd2 Rd8 27. b5 Ra2 28. Nc4 dxc5 29. b6 cxb6 30. Nxb6 Rb2 31. Nc4 Rb4 32. f3 Bd7 33. Nxe5 b6 34. Rb1 Rxb1 35. Rxb1 Rb8 36. Nxd7 Nxd7 37. Bb5 Nf6 38. Rd1 Rd8 39. d6 Nd7 40. f4 Kf8 41. Kf2 Nf6 42. Kf3 Ng4 43. e5 Ra8 44. Bc6 Rb8 45. Bb5 Ra8 46. Bc6 Rb8 47. Ra1 b5 48. Bxb5 Rxb5 49. Ra8+ Kg7 50. d7 Rb3+ 51. Ke2 Rb2+ 52. Ke1 Rb1+ 53. Kd2 Nf2 54. Rg8+ Kxg8 55. d8Q+ Kg7 56. Qf6+ Kg8 57. Qd8+ Kg7 58. Qf6+ Kg8 59. Kc2 Re1 60. Qd8+ Kg7 61. Qd2 Rf1 62. e6 fxe6 63. Qd7+ Kf6 64. Qd8+ Kf7 65. Qd7+ Kf6 66. Qe8 Kf5 67. Qf7+ Kg4 68. Qxg6+ Kxf4 69. Qxh5 Ng4 70. Qh3 Rf2+ 71. Kc3 Kg5 72. g3 Rf3+ 73. Kc4 Ne5+ 74. Kxc5 Ng6 75. Qg2 Rd3 76. Qe4 Rd5+ 77. Kc4 Kf6 78. Kc3 Rc5+ 79. Kd2 Rd5+ 80. Kc2 1/2-1/2